The river Danube water quality nearby Novi Sad as affected by changes in river water flows
Elmentve itt :
| Szerzők: | |
|---|---|
| Dokumentumtípus: | Könyv része |
| Megjelent: |
2000
|
| Sorozat: | Tiscia monograph series
Ecology of river valleys |
| Kulcsszavak: | Duna - ökológia, Vízminőség |
| Tárgyszavak: | |
| Online Access: | http://acta.bibl.u-szeged.hu/10244 |
| LEADER | 00966naa a2200277 i 4500 | ||
|---|---|---|---|
| 001 | acta10244 | ||
| 005 | 20220307123539.0 | ||
| 008 | 161015s2000 hu o 0|| eng d | ||
| 022 | |a 1418-0448 | ||
| 040 | |a SZTE Egyetemi Kiadványok Repozitórium |b hun | ||
| 041 | |a eng | ||
| 100 | 1 | |a Matavuly M. | |
| 245 | 1 | 4 | |a The river Danube water quality nearby Novi Sad as affected by changes in river water flows |h [elektronikus dokumentum] / |c Matavuly M. |
| 260 | |c 2000 | ||
| 300 | |a 155-159 | ||
| 490 | 0 | |a Tiscia monograph series | |
| 490 | 0 | |a Ecology of river valleys | |
| 650 | 4 | |a Természettudományok | |
| 650 | 4 | |a Föld- és kapcsolódó környezettudományok | |
| 650 | 4 | |a Biológiai tudományok | |
| 695 | |a Duna - ökológia, Vízminőség | ||
| 700 | 0 | 1 | |a Gayin S. |e aut |
| 700 | 0 | 1 | |a Petrovicy O. |e aut |
| 700 | 0 | 1 | |a Radnovicy D. |e aut |
| 700 | 0 | 1 | |a Simeunovicy Y. |e aut |
| 856 | 4 | 0 | |u http://acta.bibl.u-szeged.hu/10244/1/tiscia_mono_005_155-159.pdf |z Dokumentum-elérés |